|
|
|
|
| LEADER |
00000nam a2200000 a 4500 |
| 001 |
vtls001093775 |
| 003 |
SK-MaSNL |
| 005 |
20260301055725.0 |
| 008 |
250414s1984 xo 0 slo |
| 015 |
|
|
|a SNBA1985/03
|
| 035 |
|
|
|a SNK000036617
|
| 040 |
|
|
|a SNK
|b slo
|c SNK
|e AACR2
|
| 041 |
0 |
|
|a slo
|
| 044 |
|
|
|a xo
|c SK
|
| 080 |
|
|
|a 624.1(075.8)
|2 1981
|
| 100 |
1 |
|
|a Priecel, Jozef
|4 aut
|9 369782
|
| 245 |
1 |
0 |
|a Mechanika zemín a zakladanie stavieb
|c Jozef Priecel
|
| 250 |
|
|
|a 2. nezm. vyd.
|
| 260 |
|
|
|a Nitra
|b Vysoká škola poľnohospodárska
|c 1984
|e Nitra
|f Edičné stredisko VŠP
|
| 300 |
|
|
|a 187 s., 20,91 AH
|b Tb. Sch.
|c 29 cm
|
| 366 |
|
|
|e 100 výtl.
|
| 500 |
|
|
|a Lit. 19. Schválil rektor VŠP v Nitre ako skriptá. Rozmn. 19 zázn. v slov. a češ.
|
| 852 |
|
|
|a Slovenská národná knižnica
|
| 954 |
|
|
|a stavby
|a zeminy
|a mechanika
|
| 958 |
|
|
|a OND
|
| 958 |
|
|
|a NB
|
| 958 |
|
|
|a RM
|
| 958 |
|
|
|a UV
|
| 999 |
|
|
|c 614026
|d 615956
|
| 952 |
|
|
|t P60, <04>, [BOOK], {604}
|a SNK
|b SNK
|y VYP
|7 0
|p 17A0207278
|o snkSB 38658 D1
|0 0
|1 0
|4 0
|d 1999-08-27
|l 0
|r 2004-12-31 00:00:00
|w 2026-02-23
|
| 952 |
|
|
|a SNK
|b SNK
|y PREZ
|7 0
|p 17A0797413
|o snkSB 38658
|0 0
|1 0
|4 0
|d 2012-05-28
|f 1
|l 0
|r 2025-04-23 00:00:00
|w 2026-02-23
|